The Holy Bible (Record no. 26591)

MARC details
000 -LEADER
campo de control de longitud fija 00520ntaaa2200169 4500
003 - IDENTIFICADOR DE NÚMERO DE CONTROL
campo de control 01
005 - FECHA Y HORA DE LA ÚLTIMA TRANSACCIÓN
campo de control 20251027203119.0
008 - DATOS DE LONGITUD FIJA--INFORMACIÓN GENERAL
campo de control de longitud fija 0714s1973 ag 01
040 ## - FUENTE DE CATALOGACIÓN
Centro catalogador/agencia de origen AR-BaBN
Lengua de catalogación spa
Centro/agencia transcriptor AR-BaBN
Normas de descripción aacr
Centro/agencia modificador RIC
082 ## - NÚMERO DE LA CLASIFICACIÓN DECIMAL DEWEY
Número de clasificación 220.5210 J23h
100 ## - ENTRADA PRINCIPAL--NOMBRE DE PERSONA
Nombre de persona Biblia. Inglés. King James. 1953
9 (RLIN) 32706
245 ## - MENCIÓN DEL TÍTULO
Título The Holy Bible
250 ## - MENCION DE EDICION
Mención de edición 1 ed.
260 ## - PUBLICACIÓN, DISTRIBUCIÓN, ETC.
Lugar de publicación, distribución, etc. London :
Nombre del editor, distribuidor, etc. The British and Foreign Bible Society,
Fecha de publicación, distribución, etc. 1953
300 ## - DESCRIPCIÓN FÍSICA
Extensión 1266 p. ;
Dimensiones ils., mapas; 14cm
500 ## - NOTA GENERAL
Nota general Edición de la Coronación de la Reina Elizabeth, Junio, 1953.

No items available.